[Event "4th EUR-ch"]
[Site "Istanbul TUR"]
[Date "2003.06.06"]
[Round "7.91"]
[White "Marcelin, Cyril"]
[Black "Karadeniz, Emre"]
[Result "1-0"]
[WhiteElo "2503"]
[BlackElo "2308"]
[EventDate "2003.05.30"]
[PlyCount "57"]

1.d4 d5 2.c4 c6 3.Nc3 Nf6 4.e3 a6 5.Qc2 b5 6.b3 Bg4 7.Nge2 Nbd7 8.h3 Bh5 
9.Nf4 Bg6 10.Nxg6 hxg6 11.Bb2 e6 12.Bd3 Be7 13.c5 Qc7 14.O-O-O g5 15.f3 e5
16.Kb1 exd4 17.exd4 Nh5 18.Rde1 Kf8 19.Bc1 Nf4 20.Bf5 Bf6 21.h4 g6 22.Bg4 
Rxh4 23.Bxd7 Qxd7 24.g3 Rh3 25.gxf4 gxf4 26.Bxf4 Rxf3 27.Be5 Bxe5 28.dxe5 
Re8 29.Ne4 1-0

[Event "4th EUR-ch"]
[Site "Istanbul TUR"]
[Date "2003.06.06"]
[Round "7.92"]
[White "Sulypa, Olexandr"]
[Black "Yeke, Serkan"]
[Result "1-0"]
[WhiteElo "2492"]
[BlackElo "2287"]
[EventDate "2003.05.30"]
[PlyCount "96"]

1.e4 c5 2.Nf3 e6 3.d4 cxd4 4.Nxd4 a6 5.Bd3 g6 6.Be3 Bg7 7.Nc3 Ne7 8.Qd2 
Nbc6 9.Nxc6 bxc6 10.Bh6 Bxh6 11.Qxh6 Rb8 12.Rb1 Qa5 13.O-O Qe5 14.f4 Qd4+ 
15.Kh1 f5 16.Ne2 Qf6 17.e5 Qf7 18.Nd4 Ng8 19.Qh3 h6 20.Nb3 Ne7 21.Na5 Qg7 
22.Qe3 Ra8 23.Nc4 O-O 24.Nd6 g5 25.g3 a5 26.c4 Ba6 27.b3 Nc8 28.Nxc8 Bxc8 
29.Qc5 g4 30.Rfd1 h5 31.Kg1 Kf7 32.Bf1 Kg6 33.h4 gxh3 34.Bxh3 Kf7 35.Rd3 
h4 36.Kh2 Rh8 37.Qf2 a4 38.b4 a3 39.gxh4 Qh6 40.Rbb3 Ra4 41.Qe3 Rg8 42.Qf2
c5 43.bxc5 Rxc4 44.Rf3 Rc1 45.Rg3 Rxg3 46.Kxg3 Ba6 47.Bg2 Qg7+ 48.Kh2 Qg4 
1-0

[Event "4th EUR-ch"]
[Site "Istanbul TUR"]
[Date "2003.06.06"]
[Round "7.93"]
[White "Bocharov, Dmitry"]
[Black "Grant, Jonathan"]
[Result "1-0"]
[WhiteElo "2492"]
[BlackElo "2253"]
[EventDate "2003.05.30"]
[PlyCount "81"]

1.d4 Nf6 2.Nf3 e6 3.c4 Bb4+ 4.Bd2 Qe7 5.g3 Nc6 6.Nc3 Bxc3 7.Bxc3 Ne4 8.Rc1
O-O 9.Bg2 d6 10.d5 Nd8 11.Nd2 Nxc3 12.Rxc3 e5 13.c5 f5 14.O-O Nf7 15.Qb3 
b6 16.cxd6 cxd6 17.Qa3 Bb7 18.Rfc1 Rfc8 19.e4 g6 20.h4 Kg7 21.Nc4 b5 22.
Na5 a6 23.Nc6 Bxc6 24.dxc6 a5 25.R3c2 b4 26.Qd3 f4 27.a3 bxa3 28.Qxa3 fxg3
29.fxg3 Qa7+ 30.Kh2 Rc7 31.Bh3 Rf8 32.Rf1 Qb6 33.Bd7 Qd4 34.Qf3 a4 35.Rcf2
Qc4 36.h5 gxh5 37.Qf6+ Kg8 38.Rf5 Qe2+ 39.R1f2 Qg4 40.Be6 h6 41.Qxh6 1-0

[Event "4th EUR-ch"]
[Site "Istanbul TUR"]
[Date "2003.06.06"]
[Round "7.94"]
[White "Sanduleac, Vasile"]
[Black "Oney, Feridun"]
[Result "1-0"]
[WhiteElo "2492"]
[BlackElo "2251"]
[EventDate "2003.05.30"]
[PlyCount "83"]

1.e4 Nf6 2.e5 Nd5 3.d4 d6 4.Nf3 g6 5.Be2 Bg7 6.O-O O-O 7.c3 c6 8.Re1 dxe5 
9.Nxe5 Nd7 10.Nf3 a5 11.a4 Qc7 12.Bc4 N7f6 13.Na3 Re8 14.h3 b6 15.Bg5 Ba6 
16.Bxa6 Rxa6 17.Nc4 Raa8 18.Qe2 Nh5 19.Rad1 Rab8 20.Bc1 b5 21.Nce5 e6 22.
Nd3 Nhf4 23.Nxf4 Nxf4 24.Bxf4 Qxf4 25.Ra1 Qc7 26.Ne5 Red8 27.Nd3 Bf8 28.
Qe3 Rd5 29.Rec1 Rdd8 30.Rc2 Bd6 31.Qe4 Rdc8 32.Re2 Rb7 33.axb5 Rxb5 34.Ra4
c5 35.Rc4 Qb8 36.d5 exd5 37.Qxd5 Rd8 38.Qf3 Rb7 39.g3 Rc7 40.Kg2 Qb5 41.
Rce4 Bxg3 42.Qxg3 1-0

[Event "4th EUR-ch"]
[Site "Istanbul TUR"]
[Date "2003.06.06"]
[Round "7.95"]
[White "Del Rio Angelis, Salvador Gabriel"]
[Black "Erdogan, Hakan"]
[Result "1-0"]
[WhiteElo "2490"]
[BlackElo "2239"]
[EventDate "2003.05.30"]
[PlyCount "67"]

1.d4 Nf6 2.c4 e6 3.Nf3 c5 4.d5 exd5 5.cxd5 d6 6.Nc3 g6 7.e4 Bg7 8.h3 O-O 
9.Bd3 a6 10.a4 Re8 11.O-O Nh5 12.Bg5 Bf6 13.Be3 Nd7 14.g4 Ng7 15.Nd2 h5 
16.Be2 Bd4 17.Nc4 Qh4 18.Bxd4 cxd4 19.Qxd4 Qxh3 20.Qe3 Qh4 21.Qg3 Qf6 22.
g5 Qe7 23.Nxd6 Rf8 24.Nc4 a5 25.d6 Qe6 26.Ne3 Qb3 27.Rab1 Ne6 28.Bc4 Qb4 
29.Ncd5 Qc5 30.Rbc1 Qd4 31.Nc3 Nb6 32.Rfd1 Qc5 33.Bxe6 h4 34.Qxh4 1-0

[Event "4th EUR-ch"]
[Site "Istanbul TUR"]
[Date "2003.06.06"]
[Round "7.97"]
[White "Can, Emre"]
[Black "Arizmendi Martinez, Julen Luis"]
[Result "0-1"]
[WhiteElo "2200"]
[BlackElo "2516"]
[EventDate "2003.05.30"]
[PlyCount "88"]

1.e4 c5 2.Nf3 g6 3.d4 cxd4 4.Qxd4 Nf6 5.Nc3 Nc6 6.Qa4 d6 7.e5 dxe5 8.Nxe5 
Bg7 9.Bb5 O-O 10.Nxc6 bxc6 11.Bxc6 Bd7 12.O-O Bxc6 13.Qxc6 Qb8 14.Qf3 Rc8 
15.Re1 e6 16.Rb1 Rc4 17.b3 Rc5 18.Bb2 Rf5 19.Qe2 Qb6 20.Na4 Qc7 21.c4 Nh5 
22.Bxg7 Kxg7 23.g4 Nf4 24.Qf3 Rf6 25.Nc3 Nd5 26.Qd3 Nxc3 27.Qxc3 Qf4 28.
Qg3 Qd2 29.a3 h5 30.Rbd1 Qa2 31.g5 Rf5 32.a4 Rb8 33.Qxb8 Qxf2+ 34.Kh1 Qf3+
35.Kg1 Qf2+ 36.Kh1 Qf3+ 37.Kg1 Rxg5+ 38.Qg3 Rxg3+ 39.hxg3 Qxg3+ 40.Kh1 
Qh3+ 41.Kg1 Qg3+ 42.Kh1 Qxb3 43.c5 Qh3+ 44.Kg1 Qg4+ 0-1

[Event "4th EUR-ch"]
[Site "Istanbul TUR"]
[Date "2003.06.06"]
[Round "7.98"]
[White "Ataman, Alper"]
[Black "Nyysti, Sampsa"]
[Result "0-1"]
[WhiteElo "2161"]
[BlackElo "2429"]
[EventDate "2003.05.30"]
[PlyCount "54"]

1.d4 Nf6 2.c4 g6 3.Nc3 d5 4.Nf3 Bg7 5.Bf4 O-O 6.Rc1 dxc4 7.e3 c5 8.Bxc4 
cxd4 9.Nxd4 Nbd7 10.Bg3 a6 11.Bb3 Nc5 12.O-O Qb6 13.Qe2 Nxb3 14.Nxb3 Bd7 
15.Rfd1 Rac8 16.Be5 Bg4 17.f3 Be6 18.Nd4 Bc4 19.Qc2 Ng4 20.Bxg7 Nxe3 21.
Qf2 Nxd1 22.Rxd1 Rfd8 23.Bh6 e5 24.Be3 exd4 25.Bxd4 Qe6 26.Ne4 f5 27.Nf6+ 
Qxf6 0-1

[Event "4th EUR-ch"]
[Site "Istanbul TUR"]
[Date "2003.06.06"]
[Round "7.99"]
[White "Azimi, Reza"]
[Black "Brendel, Oliver"]
[Result "0-1"]
[WhiteElo "2046"]
[BlackElo "2378"]
[EventDate "2003.05.30"]
[PlyCount "102"]

1.e4 c5 2.Nf3 g6 3.d4 cxd4 4.Nxd4 Bg7 5.c4 Qb6 6.Nb5 Nc6 7.N1c3 Nf6 8.Be3 
Qa5 9.Bd2 Qd8 10.Nd5 O-O 11.Bd3 Nxd5 12.cxd5 Bxb2 13.O-O Bg7 14.Rc1 a6 15.
Qa4 Rb8 16.Na3 Nd4 17.Be3 e5 18.Nc2 b5 19.Qb4 a5 20.Qd2 d6 21.Nxd4 exd4 
22.Bh6 Bxh6 23.Qxh6 Bd7 24.f4 Qf6 25.Rc7 Rfd8 26.f5 Rbc8 27.Rxc8 Rxc8 28.
Kh1 Qg7 29.Qd2 b4 30.f6 Qf8 31.Ba6 Rc5 32.h3 h5 33.Kh2 Kh7 34.Qxd4 Qe8 35.
Rf2 g5 36.Qd1 Qe5+ 37.Kh1 Kh6 38.Be2 Qb2 39.Rf1 Rc2 40.Re1 Rd2 41.Qc1 Qxc1
42.Rxc1 Rxe2 43.Rc7 Be8 44.Re7 Bb5 45.Rxf7 Rxa2 46.e5 dxe5 47.Rb7 Ba4 48.
f7 Kg7 49.d6 Rd2 50.Ra7 b3 51.Rb7 Rxd6 0-1

[Event "4th EUR-ch"]
[Site "Istanbul TUR"]
[Date "2003.06.06"]
[Round "7.100"]
[White "Arduman, Can"]
[Black "Duman, Aydin"]
[Result "1/2-1/2"]
[WhiteElo "2361"]
[BlackElo "2185"]
[EventDate "2003.05.30"]
[PlyCount "31"]

1.Nf3 Nf6 2.c4 g6 3.Nc3 Bg7 4.e4 d6 5.d4 O-O 6.h3 Na6 7.Bg5 Qe8 8.Bd3 e5 
9.O-O exd4 10.Nxd4 Nc5 11.Re1 Nxd3 12.Qxd3 h6 13.Bxf6 Bxf6 14.Nd5 Qe5 15.
Ne3 Be6 16.c5 1/2-1/2

[Event "4th EUR-ch"]
[Site "Istanbul TUR"]
[Date "2003.06.06"]
[Round "7.102"]
[White "Valansi, Avram Alber"]
[Black "Asmundsson, Ingvar"]
[Result "1/2-1/2"]
[WhiteElo "2154"]
[BlackElo "2327"]
[EventDate "2003.05.30"]
[PlyCount "35"]

1.e4 c5 2.Nf3 e6 3.c3 Nf6 4.e5 Nd5 5.d4 cxd4 6.Qxd4 Nc6 7.Qe4 d6 8.Nbd2 f5
9.exf6 Nxf6 10.Qh4 Be7 11.Bd3 d5 12.Ng5 Ne5 13.Bb5+ Nc6 14.Bd3 Ne5 15.Bb5+
Nc6 16.Bd3 Ne5 17.Bb5+ Nc6 18.Bd3 1/2-1/2

[Event "4th EUR-ch"]
[Site "Istanbul TUR"]
[Date "2003.06.06"]
[Round "7.103"]
[White "Kayar, Erdem"]
[Black "Akcan, Umit"]
[Result "0-1"]
[WhiteElo "2077"]
[BlackElo "2167"]
[EventDate "2003.05.30"]
[PlyCount "80"]

1.e4 c5 2.Nf3 d6 3.d4 cxd4 4.Nxd4 Nf6 5.Nc3 g6 6.Be3 Bg7 7.Be2 Nc6 8.Nb3 
O-O 9.f4 Be6 10.g4 Rc8 11.g5 Nd7 12.Qd2 Nb6 13.h4 Nb4 14.h5 Bc4 15.Bg4 Be6
16.Be2 Bxb3 17.axb3 d5 18.Bxb6 Qxb6 19.e5 d4 20.Na4 Qc6 21.Kf2 Nxc2 22.
Rac1 Qe4 23.Bd3 Qe3+ 24.Qxe3 Nxe3 25.Nc5 b6 26.Ne4 Nd5 27.h6 Bh8 28.Kf3 f6
29.Bc4 Rcd8 30.exf6 exf6 31.Rhg1 fxg5 32.Rxg5 Rxf4+ 33.Kg3 Rf5 34.Bxd5+ 
Rdxd5 35.Rc8+ Kf7 36.Rxf5+ gxf5 37.Ng5+ Kf6 38.Nxh7+ Ke7 39.Kf2 d3 40.Ke3 
d2 0-1

[Event "4th EUR-ch"]
[Site "Istanbul TUR"]
[Date "2003.06.07"]
[Round "8.2"]
[White "Movsesian, Sergei"]
[Black "Sakaev, Konstantin"]
[Result "1/2-1/2"]
[WhiteElo "2659"]
[BlackElo "2664"]
[EventDate "2003.05.30"]
[PlyCount "23"]

1.e4 c6 2.Ne2 d5 3.e5 c5 4.d4 Nc6 5.c3 cxd4 6.cxd4 Bf5 7.Nbc3 e6 8.Ng3 Bg6
9.Bb5 Ne7 10.Bg5 h6 11.Bxe7 Bxe7 12.O-O 1/2-1/2

[Event "4th EUR-ch"]
[Site "Istanbul TUR"]
[Date "2003.06.07"]
[Round "8.3"]
[White "Ftacnik, Lubomir"]
[Black "Azmaiparashvili, Zurab"]
[Result "0-1"]
[WhiteElo "2611"]
[BlackElo "2678"]
[EventDate "2003.05.30"]
[PlyCount "92"]

1.d4 Nf6 2.Nf3 d5 3.c4 c6 4.Nc3 dxc4 5.a4 Bf5 6.Nh4 Bd7 7.e4 e6 8.Nf3 b5 
9.e5 Nd5 10.Ng5 Bb4 11.Qh5 g6 12.Qf3 f6 13.exf6 Qxf6 14.Qxf6 Nxf6 15.Bd2 
O-O 16.Be2 a5 17.Bf3 Nd5 18.Nxd5 cxd5 19.axb5 Bxd2+ 20.Kxd2 h6 21.Nh3 Bxb5
22.Rhe1 Bd7 23.Bg4 Nc6 24.Kc3 Rab8 25.Ra3 Na7 26.Rxa5 Nb5+ 27.Rxb5 Rxb5 
28.Bd1 g5 29.f3 Rfb8 30.Re2 Ra5 31.Nf2 Ra1 32.Bc2 Kg7 33.Nd1 Rb6 34.h3 Be8
35.Rf2 h5 36.f4 gxf4 37.Rxf4 Bg6 38.Bxg6 Kxg6 39.Kc2 Rxd1 40.Kxd1 Rxb2 41.
g4 Kg5 42.Rf8 hxg4 43.hxg4 Kxg4 44.Rf6 Rb6 45.Kc2 Kg5 46.Rf3 Rb3 0-1

[Event "4th EUR-ch"]
[Site "Istanbul TUR"]
[Date "2003.06.07"]
[Round "8.5"]
[White "Agrest, Evgenij"]
[Black "Georgiev, Kiril"]
[Result "0-1"]
[WhiteElo "2591"]
[BlackElo "2647"]
[EventDate "2003.05.30"]
[PlyCount "136"]

1.c4 Nf6 2.Nc3 e5 3.Nf3 Nc6 4.g3 d5 5.cxd5 Nxd5 6.Bg2 Nb6 7.O-O Be7 8.Rb1 
a5 9.b3 O-O 10.Bb2 Be6 11.d3 Qd7 12.Nd2 f6 13.Re1 Rfd8 14.Qc1 a4 15.Nce4 
a3 16.Ba1 Nd5 17.Nc4 Ncb4 18.Qd2 b5 19.Ne3 Nxe3 20.fxe3 c5 21.Bc3 Nd5 22.
Qc1 Rac8 23.Ba5 Re8 24.Bd2 c4 25.bxc4 bxc4 26.dxc4 f5 27.Nf2 e4 28.g4 Nf6 
29.Bb4 Rxc4 30.Qxa3 Rxb4 31.Rxb4 Nd5 32.gxf5 Bxb4 33.fxe6 Qxe6 34.Qc1 Rc8 
35.Qb1 Bxe1 36.Qxe1 Nxe3 37.Bxe4 Rf8 38.Qc1 Qh6 39.Bf3 Qg6+ 40.Ng4 Nxg4 
41.Qc4+ Kh8 42.Qxg4 Qb1+ 43.Kg2 Qxa2 44.Qb4 Qf7 45.Qd6 Qf4 46.Qe7 g6 47.
Qe4 Kg7 48.Qxf4 Rxf4 49.Kg3 Rb4 50.h3 Kf6 51.Bc6 Kg5 52.Bd5 Ra4 53.Bc6 
Ra3+ 54.Bf3 Kf5 55.Kf2 Kf4 56.Bg4 Kg5 57.Kg2 Kh4 58.Bf3 Re3 59.Kf2 Re5 60.
Bg4 Re7 61.Kf3 h5 62.Bc8 Rf7+ 63.Kg2 Rc7 64.Ba6 Rc5 65.Bb7 Rg5+ 66.Kh2 Rg3
67.Bg2 g5 68.Kg1 Rxh3 0-1

[Event "4th EUR-ch"]
[Site "Istanbul TUR"]
[Date "2003.06.07"]
[Round "8.6"]
[White "Kobalia, Mikhail"]
[Black "Iordachescu, Viorel"]
[Result "1/2-1/2"]
[WhiteElo "2639"]
[BlackElo "2550"]
[EventDate "2003.05.30"]
[PlyCount "67"]

1.e4 g6 2.d4 Bg7 3.Nf3 d6 4.Bc4 Nf6 5.Qe2 O-O 6.O-O Bg4 7.Nbd2 Nc6 8.c3 e5
9.h3 Bxf3 10.Nxf3 exd4 11.cxd4 d5 12.exd5 Nxd5 13.Rd1 Re8 14.Qc2 Qd6 15.
Bb3 h6 16.Bd2 Rad8 17.Qd3 Nce7 18.Re1 c6 19.a3 Nf5 20.g4 Nfe7 21.Ne5 Nc8 
22.Qf3 Bxe5 23.dxe5 Rxe5 24.Rxe5 Qxe5 25.Re1 Qg7 26.Bxd5 cxd5 27.g5 h5 28.
Qf4 Qxb2 29.Qc7 Qb6 30.Qe5 Qd6 31.Qd4 Qb6 32.Qe5 Qd6 33.Qd4 Qb6 34.Qe5 
1/2-1/2

[Event "4th EUR-ch"]
[Site "Istanbul TUR"]
[Date "2003.06.07"]
[Round "8.7"]
[White "Graf, Alexander"]
[Black "Goloshchapov, Alexander"]
[Result "1/2-1/2"]
[WhiteElo "2630"]
[BlackElo "2558"]
[EventDate "2003.05.30"]
[PlyCount "102"]

1.c4 e6 2.Nf3 d5 3.b3 Nf6 4.g3 Be7 5.Bg2 b6 6.O-O Bb7 7.Bb2 O-O 8.d3 c5 9.
e3 Nc6 10.Qe2 Qc7 11.Nc3 Rad8 12.Rfd1 Rd7 13.cxd5 Nxd5 14.Nxd5 Rxd5 15.d4 
Rd7 16.dxc5 Bxc5 17.Ng5 Rfd8 18.Qc2 Rxd1+ 19.Rxd1 Rxd1+ 20.Qxd1 h6 21.Ne4 
Bf8 22.h4 Ne7 23.Qd4 Nf5 24.Qd3 Bd5 25.Nf6+ gxf6 26.Bxd5 Nxg3 27.Bc4 Nf5 
28.Bxf6 Be7 29.Bb2 Bf8 30.e4 Nxh4 31.Qc3 Ng6 32.Qd4 Qf4 33.Be2 Qd6 34.Qc3 
Qc5 35.Qxc5 Bxc5 36.Ba6 Bd6 37.Kg2 Be5 38.Bc1 Bf4 39.Bb2 Be5 40.Bc1 Kg7 
41.Be3 Bf4 42.Bd4+ Be5 43.Be3 Kf6 44.a4 Bf4 45.Bd4+ Be5 46.Be3 Bf4 47.Bd4+
Ke7 48.a5 Be5 49.Be3 Bf4 50.Bd4 Be5 51.Be3 b5 1/2-1/2

[Event "4th EUR-ch"]
[Site "Istanbul TUR"]
[Date "2003.06.07"]
[Round "8.8"]
[White "Nisipeanu, Liviu-Dieter"]
[Black "Filippov, Valery"]
[Result "1/2-1/2"]
[WhiteElo "2606"]
[BlackElo "2627"]
[EventDate "2003.05.30"]
[PlyCount "105"]

1.e4 c5 2.Nf3 Nc6 3.Bb5 g6 4.Bxc6 dxc6 5.d3 Bg7 6.h3 Nf6 7.Nc3 Nd7 8.Be3 
e5 9.Qd2 Qe7 10.Bh6 Bxh6 11.Qxh6 f6 12.Nh4 Qf8 13.Qd2 Qe7 14.O-O-O Nf8 15.
Qh6 Be6 16.g3 O-O-O 17.f4 Nd7 18.f5 Bf7 19.fxg6 hxg6 20.Nxg6 Bxg6 21.Qxg6 
Rdg8 22.Qf5 Rxg3 23.Ne2 Rg5 24.Qf3 Qe6 25.b3 Rgh5 26.Ng3 Rxh3 27.Rxh3 Rxh3
28.Rh1 Kc7 29.Kb2 b5 30.Rxh3 Qxh3 31.Qf2 Qh4 32.Qg1 Qg5 33.Qe1 Qg8 34.Nf5 
Qb8 35.Qd2 Qb6 36.Ng7 a5 37.Ne8+ Kb8 38.Qf2 Qd8 39.Nd6 Kc7 40.Nf5 Qa8 41.
a3 a4 42.b4 Qf8 43.c4 Kb7 44.Kc3 cxb4+ 45.axb4 c5 46.bxc5 Nxc5 47.cxb5 Ne6
48.Qa2 Qc5+ 49.Qc4 Kb6 50.Ne3 Nf4 51.Qxc5+ Kxc5 52.Ng4 a3 53.Kb3 1/2-1/2

[Event "4th EUR-ch"]
[Site "Istanbul TUR"]
[Date "2003.06.07"]
[Round "8.10"]
[White "Grischuk, Alexander"]
[Black "Rozentalis, Eduardas"]
[Result "1-0"]
[WhiteElo "2701"]
[BlackElo "2586"]
[EventDate "2003.05.30"]
[PlyCount "76"]

1.e4 e5 2.Nf3 Nf6 3.Nxe5 d6 4.Nf3 Nxe4 5.d4 d5 6.Bd3 Bd6 7.O-O O-O 8.c4 c6
9.Qc2 Re8 10.Nc3 Bf5 11.Re1 Bb4 12.Bg5 Qa5 13.Nxe4 dxe4 14.Bxe4 Bxe1 15.
Bxf5 g6 16.Be4 Bb4 17.c5 Nd7 18.a3 Bxc5 19.dxc5 Qxc5 20.Rd1 Qxc2 21.Bxc2 
Nb6 22.Kf1 Kg7 23.Bb3 h6 24.Be3 Rad8 25.Rc1 Re4 26.h4 Nc8 27.Bc2 Ree8 28.
h5 g5 29.Nd4 Nd6 30.Nf5+ Nxf5 31.Bxf5 a6 32.g4 Rd5 33.Rc4 Kg8 34.Ke2 Rb5 
35.b4 a5 36.Kf3 axb4 37.axb4 Rd5 38.Rc3 Rde5 1-0

[Event "4th EUR-ch"]
[Site "Istanbul TUR"]
[Date "2003.06.07"]
[Round "8.12"]
[White "Sutovsky, Emil"]
[Black "Chuchelov, Vladimir"]
[Result "1/2-1/2"]
[WhiteElo "2652"]
[BlackElo "2592"]
[EventDate "2003.05.30"]
[PlyCount "109"]

1.e4 c5 2.Nc3 Nc6 3.Nf3 e5 4.Bc4 d6 5.d3 Be7 6.Nd2 Bg5 7.Nf1 Bxc1 8.Rxc1 
Nge7 9.Ne3 O-O 10.O-O Kh8 11.Qd2 f5 12.exf5 Nxf5 13.f4 Bd7 14.Bd5 Nfe7 15.
fxe5 Nxd5 16.Ncxd5 dxe5 17.Rxf8+ Qxf8 18.Rf1 Qd6 19.Qf2 Be6 20.Nc3 b6 21.
Ne4 Qe7 22.Qg3 Rf8 23.a3 Rxf1+ 24.Kxf1 h6 25.Qg6 Kg8 26.Ke1 Qf7 27.Nf6+ 
Kf8 28.Qe4 gxf6 29.Qxc6 Kg7 30.g4 Qd7 31.Qa8 b5 32.Nf5+ Bxf5 33.gxf5 Kf7 
34.Qe4 a5 35.Ke2 Ke7 36.Qg4 Qc6 37.Qg6 Kd8 38.Kf2 c4 39.dxc4 bxc4 40.Qxh6 
Qb6+ 41.Ke2 Qc6 42.Qf8+ Kd7 43.Qf7+ Kd8 44.Qg8+ Ke7 45.Kf2 a4 46.h4 Qb6+ 
47.Kg2 Qc6+ 48.Kg3 e4 49.Qg7+ Ke8 50.h5 Qd6+ 51.Kh3 Qe5 52.Qg6+ Kd7 53.h6 
e3 54.h7 e2 55.h8=Q 1/2-1/2

[Event "4th EUR-ch"]
[Site "Istanbul TUR"]
[Date "2003.06.07"]
[Round "8.14"]
[White "Galkin, Alexander"]
[Black "Macieja, Bartlomiej"]
[Result "1-0"]
[WhiteElo "2591"]
[BlackElo "2634"]
[EventDate "2003.05.30"]
[PlyCount "109"]

1.e4 e5 2.Nf3 Nf6 3.d4 Nxe4 4.Bd3 d5 5.Nxe5 Nd7 6.Nxd7 Bxd7 7.O-O Bd6 8.c4
c6 9.cxd5 cxd5 10.Nc3 Nxc3 11.bxc3 O-O 12.Qh5 f5 13.Qf3 Kh8 14.Bf4 Qc7 15.
Bxd6 Qxd6 16.Bc2 Rfe8 17.Rfe1 Rac8 18.h4 g6 19.h5 Kg7 20.g3 Qc6 21.Rxe8 
Rxe8 22.Kg2 Qd6 23.Rh1 Bb5 24.Bb3 Re4 25.hxg6 hxg6 26.Qd1 Qe6 27.Qd2 Re2 
28.Qh6+ Kf7 29.Qf4 Bc6 30.Qc7+ Kf6 31.Qd8+ Qe7 32.Qh8+ Qg7 33.Qh4+ g5 34.
Qh5 Re8 35.Bc2 Bd7 36.Qf3 Rh8 37.Bxf5 Bxf5 38.g4 Rxh1 39.Qxf5+ Ke7 40.Kxh1
Kd6 41.Kg2 Qe7 42.Kg3 b6 43.Qc8 Qf6 44.Qb8+ Kc6 45.f4 gxf4+ 46.Qxf4 Qe6 
47.Qe5 Qg6 48.g5 Qd3+ 49.Kg4 Qd1+ 50.Kf5 Qc2+ 51.Kf6 Qxa2 52.g6 Qf2+ 53.
Qf5 Qh4+ 54.Kf7 Qd8 55.Qf6+ 1-0

[Event "4th EUR-ch"]
[Site "Istanbul TUR"]
[Date "2003.06.07"]
[Round "8.16"]
[White "Sargissian, Gabriel"]
[Black "Tregubov, Pavel"]
[Result "1-0"]
[WhiteElo "2572"]
[BlackElo "2632"]
[EventDate "2003.05.30"]
[PlyCount "63"]

1.d4 d5 2.c4 e6 3.Nf3 c6 4.e3 Bd6 5.Bd3 f5 6.O-O Nf6 7.b3 Qe7 8.Bb2 b6 9.
Ne5 Bb7 10.cxd5 cxd5 11.Bb5+ Nbd7 12.Bxd7+ Nxd7 13.Qh5+ g6 14.Nxg6 Nf6 15.
Qh3 hxg6 16.Qxh8+ Kf7 17.Qh3 g5 18.a4 Qd7 19.Ba3 Ne4 20.Bxd6 Qxd6 21.Qf3 
Rh8 22.h3 Ba6 23.Re1 Kf6 24.Ra2 Qb4 25.Rc1 Qxb3 26.Rac2 Bd3 27.Nd2 Qa3 28.
Rc7 Bc4 29.Nxe4+ dxe4 30.Qd1 Bd5 31.Rxa7 Qd3 32.Qc2 1-0

[Event "4th EUR-ch"]
[Site "Istanbul TUR"]
[Date "2003.06.07"]
[Round "8.18"]
[White "Dautov, Rustem"]
[Black "Anastasian, Ashot"]
[Result "1-0"]
[WhiteElo "2611"]
[BlackElo "2561"]
[EventDate "2003.05.30"]
[PlyCount "87"]

1.d4 Nf6 2.c4 e6 3.Nf3 Bb4+ 4.Bd2 Qe7 5.g3 Nc6 6.Nc3 Bxc3 7.Bxc3 Ne4 8.Rc1
O-O 9.Bg2 d6 10.d5 Nxc3 11.Rxc3 Nd8 12.Nd2 e5 13.c5 f5 14.cxd6 cxd6 15.O-O
Nf7 16.Qc2 Bd7 17.Rc1 Rfc8 18.Nc4 b6 19.Qd2 g6 20.e4 fxe4 21.Bxe4 Rab8 22.
Bg2 Qf6 23.h4 a5 24.b3 h6 25.Qe3 Rc5 26.Nd2 Bf5 27.Rc4 h5 28.a3 g5 29.hxg5
Nxg5 30.b4 axb4 31.axb4 Rxc4 32.Rxc4 b5 33.Rc6 Ra8 34.Kh2 Nf7 35.Nf3 Nh6 
36.Qe1 Ra2 37.Kg1 Ng4 38.Nd2 Bd7 39.Ne4 Qe7 40.Rxd6 Bf5 41.Rc6 Bxe4 42.
Qxe4 Qf7 43.Bf3 Rxf2 44.Rc8+ 1-0

[Event "4th EUR-ch"]
[Site "Istanbul TUR"]
[Date "2003.06.07"]
[Round "8.19"]
[White "Alekseev, Evgeny"]
[Black "Mchedlishvili, Mikheil"]
[Result "1/2-1/2"]
[WhiteElo "2607"]
[BlackElo "2560"]
[EventDate "2003.05.30"]
[PlyCount "37"]

1.e4 c6 2.d4 d5 3.Nc3 dxe4 4.Nxe4 Bf5 5.Ng3 Bg6 6.h4 h6 7.Nf3 Nd7 8.h5 Bh7
9.Bd3 Bxd3 10.Qxd3 e6 11.Bd2 Ngf6 12.Qe2 Be7 13.O-O-O O-O 14.Kb1 c5 15.c4 
cxd4 16.Nxd4 Qb6 17.Bf4 Rac8 18.Nb5 a6 19.Nd6 1/2-1/2

[Event "4th EUR-ch"]
[Site "Istanbul TUR"]
[Date "2003.06.07"]
[Round "8.22"]
[White "Kurajica, Bojan"]
[Black "Kotronias, Vasilios"]
[Result "1/2-1/2"]
[WhiteElo "2551"]
[BlackElo "2597"]
[EventDate "2003.05.30"]
[PlyCount "99"]

1.d4 Nf6 2.Nf3 g6 3.g3 Bg7 4.Bg2 O-O 5.O-O d6 6.b3 c5 7.c4 Ne4 8.Bb2 Nc6 
9.e3 Bg4 10.Qc1 d5 11.cxd5 Bxf3 12.Bxf3 Qxd5 13.Qc2 f5 14.Nc3 Qf7 15.Bxe4 
fxe4 16.dxc5 Ne5 17.Nxe4 Nf3+ 18.Kg2 Bxb2 19.Qxb2 Nh4+ 20.gxh4 Qf3+ 21.Kg1
Qxe4 22.Qd4 Qf3 23.Rad1 Rf5 24.Rd3 Rxc5 25.e4 Qh5 26.b4 Rc7 27.Qd5+ Qxd5 
28.exd5 Rf8 29.Rd4 Rf3 30.a4 Kf7 31.Kg2 Rfc3 32.Re1 R3c4 33.Ree4 Rxd4 34.
Rxd4 b6 35.f3 Kf6 36.d6 exd6 37.Rxd6+ Ke7 38.Rd4 a6 39.h5 Rc3 40.hxg6 hxg6
41.b5 axb5 42.axb5 Rb3 43.Rd5 Ke6 44.Rg5 Kf6 45.h4 Rb1 46.f4 Rb3 47.h5 
gxh5 48.Rxh5 Ke6 49.Kf2 Kf6 50.Ke2 1/2-1/2

[Event "4th EUR-ch"]
[Site "Istanbul TUR"]
[Date "2003.06.07"]
[Round "8.23"]
[White "Bologan, Viorel"]
[Black "Erenburg, Sergey"]
[Result "1-0"]
[WhiteElo "2663"]
[BlackElo "2499"]
[EventDate "2003.05.30"]
[PlyCount "56"]

1.e4 c6 2.d4 d5 3.e5 Bf5 4.Nf3 e6 5.Be2 Ne7 6.O-O c5 7.c4 Nbc6 8.Na3 dxc4 
9.Nxc4 Nd5 10.Bg5 Qd7 11.Rc1 h6 12.Be3 cxd4 13.Nxd4 Nxd4 14.Bxd4 Be7 15.
Bf3 O-O 16.Ne3 Bg5 17.Qb3 Bxe3 18.fxe3 Bg6 19.e4 Ne7 20.Bc5 Rfc8 21.Rcd1 
Qe8 22.Bd6 Qd7 23.h4 Nc6 24.h5 Bh7 25.Bg4 Re8 26.Qg3 Nd8 27.Bf5 Qc6 28.
Bxh7+ Kxh7 1-0

[Event "4th EUR-ch"]
[Site "Istanbul TUR"]
[Date "2003.06.07"]
[Round "8.25"]
[White "Timofeev, Artiom"]
[Black "Sokolov, Ivan"]
[Result "1/2-1/2"]
[WhiteElo "2577"]
[BlackElo "2677"]
[EventDate "2003.05.30"]
[PlyCount "173"]

1.e4 e5 2.Nf3 Nc6 3.Bb5 Nf6 4.O-O Nxe4 5.d4 Nd6 6.Bxc6 dxc6 7.dxe5 Nf5 8.
Qxd8+ Kxd8 9.Nc3 Bd7 10.h3 h6 11.Rd1 Kc8 12.b3 Ne7 13.Bb2 b6 14.a4 Ng6 15.
Ne2 c5 16.Nc3 Bf5 17.Rd2 Nf4 18.Kh2 Be7 19.g4 Be6 20.Kg3 Ng6 21.Ne4 Kb7 
22.c4 Raf8 23.h4 h5 24.g5 Rhg8 25.Re1 Bg4 26.Re3 Bd8 27.Nh2 Be6 28.Red3 
Ne7 29.Kf4 Nc6 30.Nf1 Be7 31.Nfg3 Nb4 32.Re3 g6 33.Bc3 Rd8 34.Bxb4 cxb4 
35.Red3 Rxd3 36.Rxd3 a6 37.Nf6 Rd8 38.Rxd8 Bxd8 39.Nd5 b5 40.axb5 axb5 41.
Nxb4 bxc4 42.bxc4 Bxc4 43.Ne4 Be7 44.Nc2 Kb6 45.Ke3 c5 46.f4 Bb3 47.Kd3 
Be6 48.Kc3 Kc6 49.Ne3 Bd8 50.Nc4 Bc7 51.Nf6 Bf5 52.Ne8 Bd8 53.Ned6 Be6 54.
Ne4 Kd5 55.Ned2 Bc8 56.Ne3+ Kc6 57.Nec4 Bf5 58.Nb3 Kd5 59.Nbd2 Bc8 60.Ne3+
Kc6 61.Nec4 Bc7 62.Ne4 Kd5 63.Ned6 Ba6 64.Ne3+ Ke6 65.Ndc4 Bb7 66.Kd3 Bc6 
67.Kc3 Be4 68.Kb3 Kd7 69.Kc3 Kc6 70.Kb3 Bd5 71.Kc3 Be6 72.Kd3 Bc8 73.Kc3 
Bh3 74.Kd3 Be6 75.Kc3 Kb5 76.Na3+ Ka4 77.Nac4 Bd8 78.Nc2 Kb5 79.N2e3 Bc7 
80.Na3+ Kb6 81.Nac4+ Kc6 82.Kd3 Bc8 83.Kc3 Be6 84.Kd3 Kb5 85.Kc3 Ka4 86.
Nc2 Bf5 87.N2e3 1/2-1/2

[Event "4th EUR-ch"]
[Site "Istanbul TUR"]
[Date "2003.06.07"]
[Round "8.26"]
[White "Volokytin, Andriy"]
[Black "Zviagintsev, Vadim"]
[Result "1/2-1/2"]
[WhiteElo "2572"]
[BlackElo "2664"]
[EventDate "2003.05.30"]
[PlyCount "68"]

1.e4 c5 2.Nf3 Nc6 3.d4 cxd4 4.Nxd4 g6 5.c4 Nf6 6.Nc3 Nxd4 7.Qxd4 d6 8.Be2 
Bg7 9.Be3 O-O 10.Qd2 Be6 11.O-O Qa5 12.f3 Rfc8 13.Rfc1 Bxc4 14.Nd5 Qxd2 
15.Nxe7+ Kf8 16.Bxd2 Kxe7 17.Bxc4 Nd7 18.Rab1 Nb6 19.Bb3 Rc6 20.Kf1 Rac8 
21.Ke2 Nc4 22.Bg5+ Bf6 23.h4 Na5 24.Rxc6 Rxc6 25.Bd1 Nc4 26.Ba4 Rb6 27.Bb3
Rc6 28.Ba4 Rb6 29.b3 Bxg5 30.hxg5 Na3 31.Rc1 Rb4 32.Rc7+ Kd8 33.Rxf7 b5 
34.Rxh7 a5 1/2-1/2

[Event "4th EUR-ch"]
[Site "Istanbul TUR"]
[Date "2003.06.07"]
[Round "8.27"]
[White "Luther, Thomas"]
[Black "Vaganian, Rafael"]
[Result "1/2-1/2"]
[WhiteElo "2571"]
[BlackElo "2653"]
[EventDate "2003.05.30"]
[PlyCount "31"]

1.e4 e6 2.d4 d5 3.exd5 exd5 4.Nf3 Nf6 5.Bd3 Be7 6.O-O Bg4 7.Bf4 O-O 8.h3 
Bh5 9.Nbd2 Nbd7 10.Re1 c5 11.c3 Re8 12.dxc5 Nxc5 13.Bb5 Rf8 14.Qe2 Bd6 15.
Bxd6 Qxd6 16.Qe5 1/2-1/2

[Event "4th EUR-ch"]
[Site "Istanbul TUR"]
[Date "2003.06.07"]
[Round "8.29"]
[White "Burmakin, Vladimir"]
[Black "Tkachiev, Vladislav"]
[Result "0-1"]
[WhiteElo "2569"]
[BlackElo "2643"]
[EventDate "2003.05.30"]
[PlyCount "56"]

1.d4 Nf6 2.c4 g6 3.Nc3 Bg7 4.e4 d6 5.Nf3 O-O 6.Be2 e5 7.O-O Na6 8.Be3 Ng4 
9.Bg5 Qe8 10.h3 h6 11.Bc1 Nf6 12.dxe5 dxe5 13.Be3 Qe7 14.Qc1 Kh7 15.Nd5 
Qd8 16.Nxf6+ Qxf6 17.c5 Nb8 18.b4 a6 19.Rd1 Nc6 20.Rb1 Qe7 21.a4 f5 22.b5 
axb5 23.axb5 Nd8 24.c6 b6 25.Bd2 Re8 26.Bb4 Qf6 27.Bc3 Nf7 28.exf5 gxf5 
0-1